|
|
|
|
| LEADER |
00000nam a2200000 a 4500 |
| 001 |
vtls001375020 |
| 003 |
SK-MaSNL |
| 005 |
20260301201401.0 |
| 008 |
240318s1949 xx 0 und |
| 035 |
|
|
|a SNK000328917
|
| 040 |
|
|
|a SNK
|b slo
|c SNK
|e AACR2
|
| 100 |
1 |
|
|a Jerome, Jerome K.
|q (Jerome Klapka),
|d 1859-1927
|4 aut
|9 122729
|
| 245 |
1 |
0 |
|a Tři muži na toulkách
|
| 260 |
|
|
|a Praha
|b Al.Srdce
|c 1949
|
| 300 |
|
|
|a 229 s.
|
| 999 |
|
|
|c 894569
|d 896499
|
| 952 |
|
|
|t P60, <04>, [BOOK], {604}
|a SNK
|b SNK
|y VYP
|7 0
|p 17A0215031
|o snkID 3666 D1
|0 0
|1 1
|4 0
|d 1999-10-18
|l 0
|r 2005-01-02 00:00:00
|w 2026-02-24
|